Online
Catalog

El milagro más grande del mundo / (Record no. 33954)

MARC details
000 -CABECERA
campo de control de longitud fija 00745nam a2200205 a 4500
001 - NÚMERO DE CONTROL
campo de control 000034463
005 - FECHA Y HORA DE LA ÚLTIMA TRANSACCIÓN
campo de control 20200930073719.0
008 - DATOS DE LONGITUD FIJA--INFORMACIÓN GENERAL
campo de control de longitud fija 111004s1992 ag 000 0 spa d
020 ## - NÚMERO INTERNACIONAL ESTÁNDAR DEL LIBRO
Número Internacional Estándar del Libro 9501509443
040 ## - FUENTE DE LA CATALOGACIÓN
Centro catalogador/agencia de origen DO-SdBNP
Lengua de catalogación spa
Centro/agencia transcriptor BNPHU
082 ## - NÚMERO DE LA CLASIFICACIÓN DECIMAL DEWEY
Número de clasificación xxx
Número de documento/Ítem M272m
100 1# - ENTRADA PRINCIPAL--NOMBRE DE PERSONA
Nombre de persona Mandino, Og.
9 (RLIN) 46948
240 13 - TÍTULO UNIFORME
Título uniforme The greatest miracle in the world
Lenguaje de la obra Español
245 13 - MENCIÓN DE TÍTULO
Título El milagro más grande del mundo /
Mención de responsabilidad, etc. Og. Mandino ; traducción Guadalupe García de León del Paso.
260 ## - PUBLICACIÓN, DISTRIBUCIÓN, ETC.
Lugar de publicación, distribución, etc. Buenos Aires, Argentina :
Nombre del editor, distribuidor, etc. Verlap,
Fecha de publicación, distribución, etc. 1992.
300 ## - DESCRIPCIÓN FÍSICA
Extensión 160 p. ;
Dimensiones 23 cm.
500 ## - NOTA GENERAL
Nota general Incluye datos biográficos del autor en la solapa de la contracubierta
500 ## - NOTA GENERAL
Nota general Traducido del inglés
700 1# - PUNTO DE ACCESO ADICIONAL--NOMBRE DE PERSONA
Nombre de persona García de León del Paso, Guadalupe,
Término indicativo de función/relación trad.
9 (RLIN) 59898
Holdings
Estado de retiro Estado de pérdida Restricciones de uso No para préstamo Código de colección Localización permanente Ubicación/localización actual Ubicación en estantería Fecha de adquisición Número de inventario Total de préstamos Signatura topográfica completa Código de barras Fecha visto por última vez Precio válido a partir de Tipo de ítem Koha
        Monografías: Libros y Folletos General General En catalogación 04.10.2011 LF1   xxx M272m 34463-10 25.06.2020 25.06.2020 Préstamo en sala
        Monografías: Libros y Folletos General General Orden iniciada 04.10.2011 LF1   xxx M272m 34464-10 25.06.2020 25.06.2020 No se presta
        Monografías: Libros y Folletos General General Orden iniciada 04.10.2011 LF1   xxx M272m 34465-10 25.06.2020 25.06.2020 No se presta
        Monografías: Libros y Folletos General General Orden iniciada 04.10.2011 LF1   xxx M272m 34466-10 25.06.2020 25.06.2020 No se presta

Powered by Koha